| 000 | 00453nam a2200157Ia 4500 | ||
|---|---|---|---|
| 008 | 160316s1972 xxu||||| |||| 00| 0 eng d | ||
| 082 |
_a341.481000 _bCLA |
||
| 100 | _aClark Roger Stenson | ||
| 245 | _aA United Nations high commissioner for human rights | ||
| 250 | _a | ||
| 260 |
_aThe Hague _bMartinus Nijhoff Publishers _c1972 |
||
| 300 |
_a186 _b _cvii |
||
| 365 | _b | ||
| 650 | _a1.International Law - Human Rights - United Nations | ||
| 700 |
_a _a |
||
| 999 |
_c9484 _d9484 |
||